Statistiques concernant Voc allemand - Vie affective et intellectuelle, sentiments

Cliquez ici pour prendre le quiz!

Statistiques générales

  • Ce quiz a été pris 11 fois
  • Le résultat moyen est 32 sur 75

Statistiques - réponses

HintRéponse% Correct
AchtungAttention
90%
GefährlichDangereux
90%
AufpassenFaire attention
90%
Die Freude, -nLa joie
90%
Die Gefahr, -enLe danger
90%
Das Gefühl, -eLe sentiment
90%
LachenRire
90%
TraurigTriste
90%
KomischComique / bizarre
80%
SchadeDommage
80%
Glücklich / frohHeureux
80%
Die Angst, ¨-eLa peur
80%
Das Risiko, -enLe risque
80%
FühlenSentir
80%
Sich freuenSe réjouir
80%
LustigDrôle
70%
Das GlückLe bonheur
70%
Der Witz, -eL'histoire drôle
70%
Der HumorL'humour
70%
ÄngstlichPeureux / anxieux
70%
Sich amüsierenS'amuser
70%
(Sich) fürchtenAvoir peur
60%
Das VergnügenLe plaisir
60%
Die Sorge, -nLe souci
60%
Das SelbstvertrauenLa confiance en soi
50%
Die SicherheitLa sécurité
50%
Die LebensgefahrLe danger de mort
50%
WeinenPleurer
50%
SchützenProtéger
50%
SorgenS'occuper de
50%
WarnenAvertir
40%
WohlBien
40%
FröhlichJoyeux
40%
Der SchutzLa protection
40%
Das OpferLa victime
40%
Das WohlLe bien-être
40%
Die Gewohnheit, -enL'habitude
40%
Die LauneL'humeur
40%
Die Stimmung, -enL'humeur / la disposition
40%
ErnstSérieux
40%
(Sich) gewöhnen(S')habituer
40%
LächelnSourire
40%
AngenehmAgréable
30%
MutigCourageux
30%
EnttäuschenDécevoir
30%
Der Notausgang, ¨-eLa sortie de secours
30%
Der MutLe courage
30%
Die Rettung, -enLe sauvetage
30%
RettenSauver
30%
KlagenSe plaindre
30%
TröstenConsoler
20%
ZufriedenContent, satisfait
20%
ErschreckenEffrayer
20%
Die Träne, -nLa larme
20%
Das PechLa malchance
20%
Die VorsichtLa prudence
20%
DrohenMenacer
20%
VorsichtigPrudent
20%
BedauernRegretter
20%
LächerlichRidicule
20%
SicherSûr(ement)
20%
ZitternTrembler
20%
UnheimlichInquiétant
10%
Der Notruf, -eL'appel d'urgence
10%
Die Eigenschaft, -enLa qualité
10%
Die VerzweiflungLe désespoir
10%
Die HilfeLe secours
10%
SchlimmMauvais
10%
SichernMettre en sûreté
10%
WagenRisquer
10%
Furchtbar /SchrecklichTerrible
10%
TapferBrave
0%
Ach!Hélas
0%
Der Schreck, -enLa frayeur
0%
Der Spass, ¨-eLa plaisanterie
0%

Distribution des résultats

Percentile par nombre de réponses

% des personnes avec chaque résultat

Votre développement - résultats

Vous n’avez pas pris ce quiz